000 00294nam a2200145Ia 4500
100 _aPritchett/ price
942 _cBK
654 _amars
245 _aMars Pathfinder
260 _bPritchett & Ass
_c1998
082 _a658.4063
_bPRI/MU
300 _a84
546 _aENGLISH
999 _c30663
_d30663